Statistics for Countries Blacked Out - World Map

Click here to take the quiz!

General Stats

  • This quiz has been taken 628 times
  • The average score is 17 of 17

Answers on the Map

Answers color-coded by a green-red scale on the quiz's map according to % correct below.
 

Answer Stats

Answer% Correct
China
99%
China
99%
India
99%
Mongolia
99%
Russia
99%
Sweden
99%
Argentina
98%
Brazil
98%
Egypt
98%
Norway
98%
Pakistan
98%
Nepal
97%
Libya
96%
Paraguay
96%
Sudan
96%
Uruguay
96%
Chad
95%

Score Distribution

Percentile by Number Answered

Percent of People with Each Score

Your Score History

You have not taken this quiz